| 000 | 01974nam a2200265 a 4500 | ||
|---|---|---|---|
| 005 | 20200104041615.0 | ||
| 008 | 131112b2009 ck ||||| |||| 00| 0 spa d | ||
| 040 |
_aCO-BoIAVH _cCO-BoIAVH |
||
| 041 | _aspa | ||
| 044 | _ack | ||
| 090 |
_aIAVH _b01398 |
||
| 100 | 1 |
_aSánchez-Chaparral, Maria Andrea _92451 |
|
| 245 | 1 | _aCalendarios florales apícolas a partir de la dentificación de la oferta floral en los municipios de Caldono y Santander de Quilichao, Cauca - Colombia | |
| 260 |
_aPopayán _bInstitución Universitaria Tecnológica de Comfacauca _bInstituto de Investigación de Recursos Biológicos Alexander von Humboldt _c2009 |
||
| 300 |
_a232 p. _bil., tablas _c28 cm. |
||
| 500 | _aContrato No. 08-07-439-0163FN Proyecto determinacion de la oferta floral apicula como mecanismo para optimizar producción, diferenciar productos de la colmena y mejorar la competitividad Informe final - trabajo de grado de tecnólogo ambiental | ||
| 505 | _aAnexo 1 Calendarios florales apícolas para los municipios de Caldono y Santander de Quilichao -- Anexo 2. Calendarios florales a partir de la identificación de la oferta floral en los municipios de Caldono y Santander de Quilichao / Maria Andrea Sánchez Chaparral -- Anexo 3. Caracterización de flora asociada a la producción de miel y polen, en los bosques situados en la vereda Agua Blanca en el municipio de Santander de Quilichao y en la vereda ventanas en el municipio de Caldono, departamento del Cauca - Colombia / Diana Lucía Toro Henao -- Anexo 4. Pasantía desarrollo del sistema de información para el fortalecimiento de la cadena apícola del departamento del Cauca / Ana María Anacona, Leidy Johanna Herrera Giraldo | ||
| 650 |
_aApicultura _9206 |
||
| 650 |
_aProducción apícola _931408 |
||
| 650 |
_aEspecies vegetales _931409 |
||
| 650 |
_aFlora melífera _xinvestigaciones _931410 |
||
| 700 |
_aBonilla, Blanca Lilia _92456 |
||
| 700 |
_aForero Bautista, Edgar _92457 |
||
| 942 |
_cINFORME _2z |
||
| 999 |
_c7211 _d7211 |
||